[Event "TUR-chT"]
[Site "Ankara"]
[Date "2018.07.30"]
[Round "7.3"]
[White "Erdogdu, Mert"]
[Black "Demirel, Ali Yagmur"]
[Result "1-0"]
[WhiteElo "2411"]
[BlackElo "1719"]
[PlyCount "59"]
[EventDate "2018.07.25"]
[EventType "team-tourn"]
[EventRounds "13"]
[EventCountry "TUR"]
[SourceTitle "CBM 185 Extra"]
[Source "ChessBase"]
[SourceDate "2018.07.29"]
[SourceVersion "1"]
[SourceVersionDate "2018.07.29"]
[SourceQuality "1"]
[WhiteTeam "Deniz su Aquamatch"]
[BlackTeam "Darassufaka Spor"]
[WhiteTeamCountry "TUR"]
[BlackTeamCountry "TUR"]

1. e4 c5 2. Nf3 d6 3. d4 cxd4 4. Nxd4 e6 5. Nc3 a6 6. Be3 Nd7 7. g4 b5 8. Bg2 Bb7 9. a3 Rc8 10. Qe2 Qc7 11. 0-0 Ne5 12. h3 Nf6 13. Kh1 Nc4 14. Bc1 Qc5 15. Nb3 Qa7 16. Nd2 Be7 17. Nxc4 Rxc4 18. a4 Qc5 19. axb5 axb5 20. g5 Nd7 21. Be3 Qc6 22. Ra7 0-0 23. Rc1 Rc8 24. Nb1 Nc5 25. Na3 Nxe4 26. Nxc4 bxc4 27. Qg4 d5 28. Bxe4 dxe4 29. Rd1 Bd6 30. Rxd6 1-0

[Event "TUR-chT"]
[Site "Ankara"]
[Date "2018.07.29"]
[Round "6.4"]
[White "Demirel, Ali Yagmur"]
[Black "Benidze, Davit"]
[Result "0-1"]
[WhiteElo "1719"]
[BlackElo "2487"]
[PlyCount "44"]
[EventDate "2018.07.25"]
[EventType "team-tourn"]
[EventRounds "13"]
[EventCountry "TUR"]
[SourceTitle "CBM 185 Extra"]
[Source "ChessBase"]
[SourceDate "2018.07.29"]
[SourceVersion "1"]
[SourceVersionDate "2018.07.29"]
[SourceQuality "1"]
[WhiteTeam "Darassufaka Spor"]
[BlackTeam "Kahramanmaras Buyuksehir"]
[WhiteTeamCountry "TUR"]
[BlackTeamCountry "TUR"]

1. e4 g6 2. d4 Bg7 3. Nc3 d6 4. h3 a6 5. a4 Nf6 6. Nge2 b6 7. g4 Bb7 8. Bg2 0-0 9. 0-0 e5 10. Be3 Nc6 11. f4 exd4 12. Nxd4 Na5 13. Qd3 c5 14. Nde2 Re8 15. Ng3 d5 16. exd5 Nxg4 17. Bd2 Bd4+ 18. Kh1 Ne3 19. Bf3 Qh4 20. Kh2 Bc8 21. f5 Nxf5 22. Bg4 Re3 0-1

[Event "TUR-ch U20"]
[Site "Canakkale"]
[Date "2016.07.02"]
[Round "8"]
[White "Kocyigit, Buse Naz"]
[Black "Demirel, Ali Yagmur"]
[Result "1-0"]
[WhiteElo "1628"]
[BlackElo "1745"]
[PlyCount "81"]
[EventDate "2016.06.27"]
[EventType "swiss"]
[EventRounds "9"]
[EventCountry "TUR"]
[SourceTitle "CBM 173 Extra"]
[Source "ChessBase"]
[SourceDate "2016.08.29"]
[SourceVersion "1"]
[SourceVersionDate "2016.08.29"]
[SourceQuality "1"]

1. d4 Nf6 2. Nf3 e6 3. Bg5 c5 4. e3 Qb6 5. Qc1 d5 6. c3 Nc6 7. Nbd2 h6 8. Bf4 Nh5 9. Be5 Nxe5 10. Nxe5 Bd6 11. Ndf3 Nf6 12. Bd3 Nd7 13. 0-0 a6 14. Nxd7 Bxd7 15. Ne5 Bxe5 16. dxe5 Bc6 17. Kh1 0-0-0 18. b4 c4 19. Bc2 f6 20. exf6 gxf6 21. Rb1 Rhg8 22. f3 Qc7 23. a4 b5 24. axb5 axb5 25. Qd2 Kb7 26. Ra1 Ra8 27. Qd4 e5 28. Qc5 Rge8 29. e4 Qe7 30. Qxe7+ Rxe7 31. Rxa8 Kxa8 32. exd5 Bxd5 33. Rd1 e4 34. Rxd5 exf3 35. gxf3 Re1+ 36. Kg2 Re2+ 37. Kg3 Rxc2 38. Rxb5 Rxc3 39. Rc5 Kb7 40. Kf4 Rc2 41. h4 1-0